Обоснование положения водонефтяного контакта залежи нефти песчаного пласта Ю1_3-4 на Средне-Нюрольском месторождении Томской области; Проблемы геологии и освоения недр

Bibliographische Detailangaben
Parent link:Проблемы геологии и освоения недр.— 2007.— С. 363-365
1. Verfasser: Сычёва Я. А.
Weitere Verfasser: Чеканцев В. А. (научный руководитель)
Sprache:Russisch
Veröffentlicht: 2007
Schlagworte:
Format: MixedMaterials Buchkapitel
KOHA link:https://koha.lib.tpu.ru/cgi-bin/koha/opac-detail.pl?biblionumber=179958

MARC

LEADER 00000naa2a2200000 4500
001 179958
005 20231031170618.0
035 |a (RuTPU)RU\TPU\book\195076 
090 |a 179958 
100 |a 20100504d2007 k y0rusy50 ca 
101 0 |a rus 
102 |a RU 
200 1 |a Обоснование положения водонефтяного контакта залежи нефти песчаного пласта Ю1_3-4 на Средне-Нюрольском месторождении Томской области  |f Я. А. Сычёва  |g науч. рук. В. А. Чеканцев 
320 |a Библиогр.: 4 назв. 
463 0 |0 (RuTPU)RU\TPU\book\140171  |y 5-89503-079-3  |t Проблемы геологии и освоения недр  |o [сборник]  |o труды XI международного симпозиума имени академика М. А. Усова студентов и молодых учёных, посвященного 80-летию академика, Президента международного горного конгресса, Лауреата государственной премии СССР М. И. Щадову  |f Томский политехнический университет (ТПУ), Институт геологии и нефтегазового дела  |v С. 363-365  |d 2007  |p 764 с. 
610 1 |a нефть 
610 1 |a залежи 
610 1 |a песчаные пласты 
610 1 |a Средне-Нюрольское месторождение 
610 1 |a водонефтяной контакт 
610 1 |a труды учёных ТПУ 
700 1 |a Сычёва  |b Я. А. 
702 1 |a Чеканцев  |b В. А.  |4 727 
801 1 |a RU  |b 63413507  |c 20100504 
942 |c BK